| 000 | 00597cam a2200217 4500500 | ||
|---|---|---|---|
| 005 | 20260329005008.0 | ||
| 041 | _afre | ||
| 042 | _adc | ||
| 100 | 1 | 0 |
_aN’Diaye, Aïda _eauthor |
| 245 | 0 | 0 | _aMoïse ou la Chine |
| 260 | _c2022. | ||
| 500 | _a26 | ||
| 690 | _aBouddhisme | ||
| 690 | _aChine | ||
| 690 | _aFrançois Jullien | ||
| 690 | _aMoïse | ||
| 690 | _aRaison | ||
| 690 | _aTao | ||
| 786 | 0 | _nPhilosophie magazine | 156 | 2 | 2022-02-01 | p. 65-65 | 1951-1787 | |
| 856 | 4 | 1 | _uhttps://shs.cairn.info/magazine-philosophie-magazine-2022-2-page-65?lang=fr&redirect-ssocas=7080 |
| 999 |
_c1839284 _d1839284 |
||